| 000 | 01104nam a2200337 i 4500 | ||
|---|---|---|---|
| 001 | 000044639 | ||
| 003 | DO-SdBNP | ||
| 005 | 20260224131725.0 | ||
| 007 | ta | ||
| 008 | 141210s2014 dr a 000 0 spa d | ||
| 020 | _a9789945492422 | ||
| 040 |
_aDO-SdBNP _bspa _cBNPHU _erda |
||
| 041 | _aspa | ||
| 082 | 4 |
_a158.1 _bG324f _222 |
|
| 100 | 1 |
_aGenao V., Thony, _d1961- _eautor _4aut. _972656 |
|
| 245 | 1 | 4 |
_aLas frases del éxito / _cGenao V., Thony |
| 264 | 1 |
_aSanto Domingo : _bMinisterio de Cultura, _c2014. |
|
| 300 |
_a185 páginas : _bilustraciones ; _c18 cm. |
||
| 336 |
_atexto _btxt _2rdacontent |
||
| 337 |
_asin mediación _bn _2rdamedia |
||
| 338 |
_avolumen _bnc _2rdacarrier |
||
| 590 | _aInventariado, 2018/MFF | ||
| 650 | 7 |
_aAutorrealización (Psicología) _2LIBRUMAN _9211 |
|
| 650 | 7 |
_aAutoestima _2LIBRUNAM _9212 |
|
| 650 | 7 |
_aConducta de vida _2LIBRUNAM _911947 |
|
| 650 | 7 |
_aÉxito _2LIBRUNAM _9394 |
|
| 650 | 4 |
_aTécnicas de auto ayuda _972657 |
|
| 710 | 1 |
_aRepública Dominicana. _bMinisterio de Cultura _971794 |
|
| 910 | _aValidado. Control de calidad MFF | ||
| 942 |
_2ddc _cLBS1 |
||
| 999 |
_c44128 _d44128 |
||